000 00581nam a2200193 a 4500
005 20230803063534.0
008 070928s2002 mx r 000 0 spa d
035 _aUPN01000152469
049 _aCG
050 4 _aPQ7813
_bM3.2
100 1 _aMansilla Torres, Jorge,
_d1940-
_928639
245 1 0 _aBreverías /
_cCoco Manto.
260 _aSaltillo :
_bGráficos Universales,
_c2002.
300 _a60 p.
500 _aSubtítulo de la cubierta: El doble sentido nos pone un cuatro
650 4 _aLITERATURA BOLIVIANA
_98292
650 2 _aHUMORISMO Y AGUDEZAS
_93034
905 _aLibro
999 _c124592
_d124592